Catalog

Record Details

Catalog Search



My brother Jeffrey  Cover Image Book Book

My brother Jeffrey / by Linda Danney Britton and Amy Britton-Ballas; illustrated by Isabella Russell.

Summary:

“What’s wrong with that kid?” That is the question that children ask seeing Jeffrey for the first time. Jeffrey’s sister, Amy answers that question in My Brother Jeffrey. Nine-year-old Amy tells the facts of his profound disabilities as she understands them. She shares the challenge of growing up with a brother with special needs: Her own questions and fears, her sadness, and her joy as she grows to love her brother.

Record details

  • ISBN: 9781633634732 (hardcover)
  • ISBN: 1633634736 (hardcover)
  • Physical Description: 21 pages : color illustratoins ; 23 x 23 cm.
  • Publisher: [Austin, TX] : White Bird Publications, 2020.
Subject: Children with disabilities > Juvenile literature.
Learning disabilities > Juvenile literature.
Fammily
Siblings
Learning disabilities.
Genre: Picture Book
Juvenile works.

Available copies

  • 1 of 1 copy available at scottsboropl.

Holds

  • 0 current holds with 1 total copy.
Show Only Available Copies
Location Call Number / Copy Notes Barcode Shelving Location Status Due Date
scottsboropl E Bri 32269001232191 Juvenile - Easy Available -

LDR 01877cam a2200373Ii 4500
001159851
003SBPL
00520230123113733.0
008220328s2020 txua 000 0 eng d
020 . ‡a9781633634732 (hardcover)
020 . ‡a1633634736 (hardcover)
035 . ‡a(OCoLC)1306072150
050 4. ‡aHV888 ‡b.B758 2020
1001 . ‡aBritton, Linda Danney, ‡eauthor.
24510. ‡aMy brother Jeffrey / ‡cby Linda Danney Britton and Amy Britton-Ballas; illustrated by Isabella Russell.
264 1. ‡a[Austin, TX] : ‡bWhite Bird Publications, ‡c2020.
300 . ‡a21 pages : ‡bcolor illustratoins ; ‡c23 x 23 cm.
336 . ‡atext ‡btxt ‡2rdacontent
337 . ‡aunmediated ‡bn ‡2rdamedia
338 . ‡avolume ‡bnc ‡2rdacarrier
520 . ‡a“What’s wrong with that kid?” That is the question that children ask seeing Jeffrey for the first time. Jeffrey’s sister, Amy answers that question in My Brother Jeffrey. Nine-year-old Amy tells the facts of his profound disabilities as she understands them. She shares the challenge of growing up with a brother with special needs: Her own questions and fears, her sadness, and her joy as she grows to love her brother.
650 0. ‡aChildren with disabilities ‡vJuvenile literature.
650 0. ‡aLearning disabilities ‡vJuvenile literature.
6500 . ‡aFammily
6500 . ‡aSiblings
650 7. ‡aLearning disabilities. ‡2fast ‡0(OCoLC)fst00994891
6550 . ‡aPicture Book
655 7. ‡aJuvenile works. ‡2fast ‡0(OCoLC)fst01411637
7001 . ‡aBritton-Ballas, Amy, ‡eauthor.
7001 . ‡aRussell, Isabella, ‡eauthor.
901 . ‡a159851 ‡bAUTOGEN ‡c159851 ‡tbiblio

Additional Resources